书目信息 |
| 题名: |
老龄化背景下的休闲行为研究
|
|
| 作者: | 李享 著 | |
| 分册: | ||
| 出版信息: | 北京 中国旅游出版社 2015 |
|
| 页数: | 240页 | |
| 开本: | 23cm | |
| 丛书名: | ||
| 单 册: | ||
| 中图分类: | D669.6 | |
| 科图分类: | ||
| 主题词: | 老年人--Lao Nian Ren--生活--研究--中国 | |
| 电子资源: | ||
| ISBN: | 978-7-5032-5498-7 | |
| 000 | 01079nam0 22002411 450 | |
| 001 | 350461 | |
| 005 | 20161011142933.03 | |
| 010 | @a978-7-5032-5498-7@dCNY38.00 | |
| 100 | @a20160114d2015 em y0chiy50 ea | |
| 101 | 0 | @achi |
| 102 | @aCN@b110000 | |
| 105 | @ay z 000yy | |
| 106 | @ar | |
| 200 | 1 | @a老龄化背景下的休闲行为研究@ALao Ling Hua Bei Jing Xia De Xiu Xian Hang Wei Yan Jiu@dStudy of leisure behavior in context of aging population@f李享等著@zeng |
| 210 | @a北京@c中国旅游出版社@d2015 | |
| 215 | @a240页@d23cm | |
| 330 | @a本书以老年人的休闲行为为视角,总结了西方国家,特别是老龄化较早、且老龄化程度较高的法国和日本的相关经验;通过定性、定量研究的各种相关方法,研究了我国农村老年人、城市老年人、准老年人的休闲行为特征及其影响因素;对于近年来发展迅猛的老年人出国旅游休闲方式也进行了深入分析。 | |
| 510 | 1 | @aStudy of leisure behavior in context of aging population@zeng |
| 606 | 0 | @a老年人@ALao Nian Ren@x生活@x研究@y中国 |
| 690 | @aD669.6@v5 | |
| 701 | 0 | @a李享@ALi Xiang@c(旅游业)@4著 |
| 801 | 0 | @aCN@bTANGWEI@c20160804 |
| 905 | @b0890150-4@dD669.6@e165@f5 | |
| 老龄化背景下的休闲行为研究=Study of leisure behavior in context of aging population/李享等著.-北京:中国旅游出版社,2015 |
| 240页;23cm |
| ISBN 978-7-5032-5498-7:CNY38.00 |
| 本书以老年人的休闲行为为视角,总结了西方国家,特别是老龄化较早、且老龄化程度较高的法国和日本的相关经验;通过定性、定量研究的各种相关方法,研究了我国农村老年人、城市老年人、准老年人的休闲行为特征及其影响因素;对于近年来发展迅猛的老年人出国旅游休闲方式也进行了深入分析。 |
| ● |
| 相关链接 |
|
|
|
|
正题名:老龄化背景下的休闲行为研究
索取号:D669.6/165
 
预约/预借
| 序号 | 登录号 | 条形码 | 馆藏地/架位号 | 状态 | 备注 |
| 1 | 0890150 | 208901508 | 第一样本阅览室/ [索取号:D669.6/165] | 在馆 | |
| 2 | 0890151 | 208901517 | 第一借阅区/ [索取号:D669.6/165] | 在馆 | |
| 3 | 0890152 | 208901526 | 第一借阅区/ [索取号:D669.6/165] | 在馆 | |
| 4 | 0890153 | 208901535 | 第一借阅区/ [索取号:D669.6/165] | 在馆 | |
| 5 | 0890154 | 208901544 | 第一借阅区/ [索取号:D669.6/165] | 在馆 |